000 00654cam a22002171 4500
001 ca 36000100
003 DLC
005 20260227111139.0
008 890720s1936 mau 000 0 eng
010 _aca 36000100
035 _a(OCoLC)20039007
040 _aDLC
_cRPB
_dDLC
042 _apremarc
050 0 0 _aPN6120.A5
_bW197 1936
082 _a812.5
100 1 _aWallace, Lew Barrington,
_d1898-
245 1 4 _aThe doctor comes from Moscow;
_ba drama in one act,
_cby Lew Barrington Wallace.
260 _aBoston, Mass.,
_aLos Angeles, Cal.
_b[Walter H. Baker Company,
_cc1936]
300 _a17 p.
_c19 cm.
490 0 _aBakers̕ plays for amateurs
999 _c17982
_d17982